Normal view MARC view
  • Driscoll de Alvarado, Barbara,

Entry Nombre Personal

Number of records used in: 2

001 - NUMERO DE CONTROL

  • campo de control: 46165

003 - IDENTIFICADOR DE NUMERO DE CONTROL

  • campo de control: DLC

005 - FECHA Y HORA DE LA ÜLTIMA TRANSACCIÓN

  • campo de control: 20220906125559.0

008 - DATOS DE LONGITUD FIJA

  • campo de control de longitud fija: 220906n| acannaabn |a aaa

010 ## - NÚMERO DE CONTROL DE LA BIBLIOTECA DEL CONGRESO

  • Número de control LC: n 2009013598
  • Número de Control LC Cancelado/inválido: n 86854701

040 ## - FUENTE DE CATALOGACIÓN

  • Agencia original de catalogación: DLC
  • Lenguaje de catalogación: spa
  • Agencia de transcripción: DLC
  • Agencia que lo modifica: DLC
  • Agencia que lo modifica: MX-MxUPN

100 1# - ENCABEZAMIENTO - NOMBRE PERSONAL

  • Nombre personal: Driscoll de Alvarado, Barbara,
  • Fechas asociadas con el nombre: 1950-

400 1# - VEÁSE - NOMBRE DE PERSONA

  • Personal name: De Alvarado, Barbara Driscoll,
  • Dates associated with a name: 1950-

400 1# - VEÁSE - NOMBRE DE PERSONA

  • Personal name: Alvarado, Barbara Driscoll de,
  • Dates associated with a name: 1950-

400 1# - VEÁSE - NOMBRE DE PERSONA

  • Personal name: Driscoll, Barbara A.
  • Fuller form of name: (Barbara Ann),
  • Dates associated with a name: 1950-

670 ## - FUENTE EN LA QUE SE LOCALIZARON DATOS

  • Cita de la fuente: Moving beyond borders, c2009:
  • Información localizada: Catalogación en la fuente portada (Barbara Driscoll de Alvarado)

670 ## - FUENTE EN LA QUE SE LOCALIZARON DATOS

  • Cita de la fuente: nuc86-87732: En su obra The railroad bracero program of World War II, 1980
  • Información localizada: (Encabezamiento en InNd rept.: Driscoll, Barbara A.; use: Barbara A. Driscoll)

670 ## - FUENTE EN LA QUE SE LOCALIZARON DATOS

  • Cita de la fuente: En su obra El programa de braceros ferroviarios, 1985:
  • Información localizada: portada (Bárbara Driscoll) cubierta (Bárbara A. Driscoll)

670 ## - FUENTE EN LA QUE SE LOCALIZARON DATOS

  • Cita de la fuente: The tracks north, 1998:
  • Información localizada: Catalogación en la fuente portada. (Barbara A. Driscoll) vita (b. Apr. 16, 1950 in Boston, Mass.; Ph.D. in sociology from the Univ. of Notre Dame; since 1990 with the Univ. Nacional Autónoma de México, in Mexico City)

670 ## - FUENTE EN LA QUE SE LOCALIZARON DATOS

  • Cita de la fuente: Digital Dissertations, Nov. 19, 2009
  • Información localizada: (Driscoll, Barbara Ann, Ph. D., University of Notre Dame, 1980--The railroad bracero program of World War II)

670 ## - FUENTE EN LA QUE SE LOCALIZARON DATOS

  • Cita de la fuente: U.S. copyright file, Nov. 19, 2009
  • Información localizada: (Driscoll, Barbara Ann, 1950- )

670 ## - FUENTE EN LA QUE SE LOCALIZARON DATOS

  • Cita de la fuente: La controversia del aborto en Estados Unidos, 2005:
  • Información localizada: portada (Barbara Driscoll de Alvarado)

902 ## - CATALOGADOR

  • Catalogador: VAGG/060922